The Bank Note Issues of United States stamps, 1870-1893 (1941) (Record no. 2822)

000 -LEADER
fixed length control field 00696nam a22000977a 4500
008 - FIXED-LENGTH DATA ELEMENTS--GENERAL INFORMATION
fixed length control field 180903b ||||| |||| 00| 0 eng d
100 ## - MAIN ENTRY--AUTHOR'S NAME
Author's Name Brookman, Lester
245 ## - TITLE STATEMENT
Title The Bank Note Issues of United States stamps, 1870-1893 (1941)
260 ## - PUBLICATION, DISTRIBUTION, ETC. (IMPRINT)
Name of publisher, distributor, etc. American Philatelic Society
Date of publication, distribution, etc. 1941
650 ## - TOPICAL TERM (Tag)
Topical term or geographic name United States | 1870-1893 | 19th Century | Bank Note Issues | Definitive Issues | Classic Issues | Columbian Issue | 1893 | Commemorative Issues | Production | Engraving | Errors and Varieties | Plate Markings | Plates and Plating | Plate Blocks and Numbers | Grills | Paper | Essays and Proofs | Color Trials | Color | Designs | Specimens | Postal Markings | Collecting -- Identification | Stamps -- Histories
Holdings
Withdrawn status Lost status Source of classification or shelving scheme Damaged status Koha normalized classification for sorting Not for loan Permanent Location Current Location Shelving location Date acquired Total Checkouts Full call number Barcode Date last seen Copy number Price effective from
        G3701 B218 B872   Northern Philatelic Library Northern Philatelic Library General Stacks 09/03/2018   G3701 B218 B872 1005212 09/03/2018 1 09/03/2018

Powered by Koha